<?xml version="1.0" encoding="UTF-8"?>
<record
    xmlns:xsi="http://www.w3.org/2001/XMLSchema-instance"
    xsi:schemaLocation="http://www.loc.gov/MARC21/slim http://www.loc.gov/standards/marcxml/schema/MARC21slim.xsd"
    xmlns="http://www.loc.gov/MARC21/slim">

  <leader>00894nam2a22002531  4500</leader>
  <controlfield tag="001">v19\rc\1833816</controlfield>
  <controlfield tag="005">20250619141153.0</controlfield>
  <datafield tag="035" ind1=" " ind2=" ">
    <subfield code="a">(NLR Aleph) 004928873</subfield>
  </datafield>
  <datafield tag="090" ind1=" " ind2=" ">
    <subfield code="a">5657925</subfield>
    <subfield code="c">5657925</subfield>
  </datafield>
  <datafield tag="100" ind1=" " ind2=" ">
    <subfield code="a">20071224d1910    |||y0rusy50      ca</subfield>
  </datafield>
  <datafield tag="101" ind1="0" ind2=" ">
    <subfield code="a">rus</subfield>
  </datafield>
  <datafield tag="102" ind1=" " ind2=" ">
    <subfield code="a">RU</subfield>
  </datafield>
  <datafield tag="105" ind1=" " ind2=" ">
    <subfield code="a">k   z   |||||</subfield>
  </datafield>
  <datafield tag="200" ind1="0" ind2=" ">
    <subfield code="a">... [1910]</subfield>
  </datafield>
  <datafield tag="210" ind1=" " ind2=" ">
    <subfield code="d">[1910]</subfield>
    <subfield code="a">&#x411;. &#x43C;.</subfield>
  </datafield>
  <datafield tag="215" ind1=" " ind2=" ">
    <subfield code="a">[2], 44 &#x441;., 1 &#x43B;. &#x431;&#x43B;&#x430;&#x43D;&#x43A;.</subfield>
  </datafield>
  <datafield tag="461" ind1=" " ind2="0">
    <subfield code="1">001v19\rc\1833814</subfield>
    <subfield code="1">2001#$a&#x41A;&#x430;&#x442;&#x430;&#x43B;&#x43E;&#x433;...$f&#x422;-&#x432;&#x43E; "&#x41A;&#x43D;. &#x43A;&#x440;&#x435;&#x434;&#x438;&#x442;"$v... [1910]</subfield>
    <subfield code="9">5657911</subfield>
    <subfield code="a">"&#x41A;&#x43D;&#x438;&#x436;&#x43D;&#x44B;&#x439; &#x43A;&#x440;&#x435;&#x434;&#x438;&#x442;", &#x442;&#x43E;&#x432;&#x430;&#x440;&#x438;&#x449;&#x435;&#x441;&#x442;&#x432;&#x43E; (&#x41F;&#x435;&#x442;&#x435;&#x440;&#x431;&#x443;&#x440;&#x433;)</subfield>
    <subfield code="c">&#x421;&#x430;&#x43D;&#x43A;&#x442;-&#x41F;&#x435;&#x442;&#x435;&#x440;&#x431;&#x443;&#x440;&#x433;</subfield>
    <subfield code="d">[1908]-[1913]</subfield>
    <subfield code="f">&#x422;-&#x432;&#x43E; "&#x41A;&#x43D;. &#x43A;&#x440;&#x435;&#x434;&#x438;&#x442;"</subfield>
    <subfield code="p">3 &#x442;.</subfield>
    <subfield code="t">&#x41A;&#x430;&#x442;&#x430;&#x43B;&#x43E;&#x433;...</subfield>
    <subfield code="v">... [1910]</subfield>
  </datafield>
  <datafield tag="801" ind1=" " ind2="0">
    <subfield code="a">RU</subfield>
    <subfield code="b">NLR</subfield>
    <subfield code="g">psbo</subfield>
  </datafield>
  <datafield tag="801" ind1=" " ind2="0">
    <subfield code="a">RU</subfield>
    <subfield code="b">RuMoRGB</subfield>
    <subfield code="2">psbo</subfield>
  </datafield>
  <datafield tag="801" ind1=" " ind2="1">
    <subfield code="a">RU</subfield>
    <subfield code="b">ProSoft-M</subfield>
    <subfield code="2">rusmarc</subfield>
  </datafield>
  <datafield tag="852" ind1=" " ind2=" ">
    <subfield code="a">NLR</subfield>
    <subfield code="j">20.43.9.109</subfield>
  </datafield>
  <datafield tag="852" ind1=" " ind2=" ">
    <subfield code="a">NLR</subfield>
    <subfield code="j">671/&#x41A;-53</subfield>
  </datafield>
  <datafield tag="942" ind1=" " ind2=" ">
    <subfield code="c">BOOK</subfield>
  </datafield>
  <datafield tag="980" ind1=" " ind2=" ">
    <subfield code="a">NB</subfield>
  </datafield>
  <datafield tag="995" ind1=" " ind2=" ">
    <subfield code="5">2013-10-26</subfield>
    <subfield code="b">NLR02</subfield>
    <subfield code="c">NLR02</subfield>
    <subfield code="e">RFS</subfield>
    <subfield code="f">4928873-10</subfield>
    <subfield code="k">20.43.9.109</subfield>
    <subfield code="o">0</subfield>
    <subfield code="r">BOOK</subfield>
    <subfield code="s">20439109_</subfield>
  </datafield>
  <datafield tag="995" ind1=" " ind2=" ">
    <subfield code="5">2013-10-26</subfield>
    <subfield code="b">NLR01</subfield>
    <subfield code="c">NLR01</subfield>
    <subfield code="e">CSB</subfield>
    <subfield code="f">4928873-20</subfield>
    <subfield code="k">671/&#x41A;-53</subfield>
    <subfield code="o">0</subfield>
    <subfield code="r">BOOK</subfield>
    <subfield code="s">67153_</subfield>
  </datafield>
</record>
